Trabajo de investigación sobre dificultades de aprendizaje en alumnos de primer grado (Record no. 5803)

MARC details
000 -LEADER
campo de control de longitud fija 01236nam a2200373 a 4500
003 - IDENTIFICADOR DE NÚMERO DE CONTROL
campo de control AR-BaBNM
005 - FECHA Y HORA DE LA ÚLTIMA TRANSACCIÓN
campo de control 20251128204017.0
008 - DATOS DE LONGITUD FIJA--INFORMACIÓN GENERAL
campo de control de longitud fija 082120s2002 ||||||||||||||000 | spa||
040 ## - FUENTE DE CATALOGACIÓN
Centro/agencia transcriptor AR-BaBNM
245 00 - MENCIÓN DEL TÍTULO
Título Trabajo de investigación sobre dificultades de aprendizaje en alumnos de primer grado
Resto del título año 1981-1982
260 ## - PUBLICACIÓN, DISTRIBUCIÓN, ETC.
Lugar de publicación, distribución, etc. Concepción del Uruguay
Nombre del editor, distribuidor, etc. El Mirador
Fecha de publicación, distribución, etc. 1983
300 ## - DESCRIPCIÓN FÍSICA
Extensión 53 p.
Otros detalles físicos tablas, diagr.
490 #0 - MENCIÓN DE SERIE
Mención de serie José B. Zubiaur. Pedagogía y psicología
500 ## - NOTA GENERAL
Nota general Asociación de psicológos de Concepción del Uruguay
650 #4 - PUNTO DE ACCESO ADICIONAL DE MATERIA--TÉRMINO DE MATERIA
Término de materia o nombre geográfico como elemento de entrada SERVICIOS DE ORIENTACION
650 #4 - PUNTO DE ACCESO ADICIONAL DE MATERIA--TÉRMINO DE MATERIA
Término de materia o nombre geográfico como elemento de entrada PRUEBAS PSICOLOGICAS
650 #4 - PUNTO DE ACCESO ADICIONAL DE MATERIA--TÉRMINO DE MATERIA
Término de materia o nombre geográfico como elemento de entrada PRUEBAS DE RENDIMIENTO
650 #4 - PUNTO DE ACCESO ADICIONAL DE MATERIA--TÉRMINO DE MATERIA
Término de materia o nombre geográfico como elemento de entrada PRUEBAS DE INTELIGENCIA
650 #4 - PUNTO DE ACCESO ADICIONAL DE MATERIA--TÉRMINO DE MATERIA
Término de materia o nombre geográfico como elemento de entrada PSICOLOGIA DE LA EDUCACION
653 ## - TÉRMINO DE INDIZACIÓN--NO CONTROLADO
Término no controlado PROCESO DE ENSEÑANZA-APRENDIZAJE
653 ## - TÉRMINO DE INDIZACIÓN--NO CONTROLADO
Término no controlado GABINETES PSICOPEDAGOGICOS
653 ## - TÉRMINO DE INDIZACIÓN--NO CONTROLADO
Término no controlado INVESTIGACION EDUCATIVA
700 1# - ENTRADA AGREGADA--NOMBRE PERSONAL
Nombre de persona Nardi de Agüero, Estela
700 1# - ENTRADA AGREGADA--NOMBRE PERSONAL
Nombre de persona Biegun, Liliana K. de
700 1# - ENTRADA AGREGADA--NOMBRE PERSONAL
Nombre de persona Gualberto de Pascal, Sara
700 1# - ENTRADA AGREGADA--NOMBRE PERSONAL
Nombre de persona Perinotto, Luis
700 1# - ENTRADA AGREGADA--NOMBRE PERSONAL
Nombre de persona Rudoy, Alicia G. de
700 1# - ENTRADA AGREGADA--NOMBRE PERSONAL
Nombre de persona Rutsch, Mirta Lidia
700 1# - ENTRADA AGREGADA--NOMBRE PERSONAL
Nombre de persona Sito, Jorge
700 1# - ENTRADA AGREGADA--NOMBRE PERSONAL
Nombre de persona Campi, Eduardo
700 1# - ENTRADA AGREGADA--NOMBRE PERSONAL
Nombre de persona Giqueaux, Eduardo Julio
Término indicativo de función/relación prologuista
942 ## - ELEMENTOS DE ENTRADA SECUNDARIOS (KOHA)
Tipo de ítem Koha Libros
998 ## - INFORMACIÓN DE CONTROL LOCAL (RLIN)
Iniciales del catalogador, CIN (RLIN) SILVI
Holdings
Estatus retirado Estado de pérdida Fuente de la clasificación o esquema de estantería Estado de daño Restricciones de uso No para préstamo Biblioteca de origen Biblioteca actual Fecha de adquisición Total de préstamos Signatura topográfica completa Código de barras Visto por última vez Precio de reemplazo Tipo de ítem Koha
    Clasificación Decimal Dewey   Acceso restringido No para préstamo Liberty Liberty 28/11/2025   37.015.5 NAR 042174 28/11/2025 28/11/2025 Libros